000 00317pam a2200133 a 4500
020 _c
041 _h
082 _bRED
100 _aReddy, J.M.
245 _aDemand Eorecasting Methods Application Cases
_hTextual Documents
260 _aNew Delhi
_bLight And Life Publishers
300 _a408/CB
930 _a10111
999 _c116936
_d116936